| 000 | 01192nam a22003257a 4500 | ||
|---|---|---|---|
| 003 | CHAP | ||
| 005 | 20220329133806.0 | ||
| 008 | 971013s1985 r 00010 d | ||
| 010 | _a10979 | ||
| 011 | _a11951 | ||
| 035 | _a13009 | ||
| 040 | _cCHAP | ||
| 082 |
_a333.09727 _bO7 |
||
| 100 | 0 | 0 |
_aOrtiz Hernández, María de los Angeles. _983985 |
| 245 | _aConcentración del poder y tenencia de la tierra, el caso del Soconusco | ||
| 260 |
_aMéxico : _bCentro de Investigaciones y Estudios Superiores en Antropología Social, _c1985 |
||
| 300 | _a128 p. | ||
| 490 |
_aCuadernos de la casa chata _v; 125 Serie; Frontera Sur Vol. II. |
||
| 590 |
_aBATCH-UPD _b10 _c20130110 _lUCH01 _h1702 |
||
| 590 |
_aBATCH-UPD _b10 _c20130410 _lUCH01 _h1050 |
||
| 590 |
_aBATCH-UPD _b10 _c20130914 _lUCH01 _h0921 |
||
| 590 |
_aCONVERSION _b10 _c20130109 _lUCH01 _h1307 |
||
| 650 | 1 | 4 |
_aChiapas _xHistoria. _922235 |
| 650 | 1 | 4 |
_aTierras _xTenencia _xChiapas. _9113149 |
| 700 | 0 |
_aToraya Toraya, Bertha. _9113927 |
|
| 830 | 0 |
_aCuadernos de la casa chata _v; 125 Serie; Frontera Sur Vol. II. _929795 |
|
| 901 | _aBK | ||
| 942 | _cLIBRO | ||
| 949 |
_a333.09727 07 _bBC _cLIBRO _d33724000328423 _eLIBRO _h70530 _i13009 _si |
||
| 999 |
_c10979 _d10979 |
||